| 000 | 00496nam a2200157 4500 | ||
|---|---|---|---|
| 001 | 113726 | ||
| 003 | ES-MaACL | ||
| 007 | t| | ||
| 008 | 061121s1948 sp r ||||1| spa d | ||
| 100 | 1 |
_aPacheco, José. _988122 |
|
| 245 | 1 | 0 |
_aGuía médica de urgencias / _cDr. José Pacheco : prólogo del Dr. Antonio Morales. |
| 260 |
_aBarcelona : _bInstituto Transoceánico Ediciones, _c1948. |
||
| 300 |
_a269 p. ; _c17 cm. |
||
| 700 | 1 |
_aMorales, Antonio. _982974 |
|
| 852 |
_aES-MaACL _jE-716 _bR.26304 |
||
| 999 |
_c113726 _d113726 |
||